[Event "Titled Tue 20th May Early"]
[Site "chess.com INT"]
[Date "2025.05.20"]
[Round "3"]
[White "Kshatriya, Nitin Vekhande"]
[Black "Nguyen, Thanh Nghia"]
[Result "0-1"]
[WhiteTitle "FM"]
[BlackTitle "CM"]
[WhiteElo "2255"]
[BlackElo "2124"]
[WhiteFideId "45075530"]
[BlackFideId "12401870"]
[EventDate "2025.05.20"]

1. e4 e5 2. Nf3 Nc6 3. Bc4 Be7 4. O-O Nf6 5. Re1 O-O 6. h3 Nxe4 7. Rxe4 d5 8.
Bxd5 Qxd5 9. Nc3 Qc5 10. d4 exd4 11. Nxd4 Nxd4 12. Rxd4 Be6 13. Be3 Qf5 14. Nd5
Bd6 15. Bf4 Bxd5 16. Bxd6 Bxg2 17. Kxg2 cxd6 18. Rxd6 Rac8 19. c3 Rc4 20. Qd5
Qc8 21. Re1 Rc5 22. Qd3 Rg5+ 23. Kh2 Qc7 24. f4 Rg6 25. Rd4 h6 26. Qe4 Re6 27.
Qh1 Rfe8 28. Rxe6 Rxe6 29. Qf3 Qe7 30. Rd2 Re3 31. Qd5 Kh7 32. Qf5+ g6 33. Qd5
Re2+ 34. Rxe2 Qxe2+ 35. Kg3 Qe3+ 36. Qf3 Qg1+ 37. Qg2 Qe3+ 38. Qf3 Qd2 39. Qxb7
Qe1+ 40. Kh2 Qf2+ 41. Qg2 Qxf4+ 42. Kg1 Qc1+ 43. Kh2 Kg7 44. Qf2 h5 45. Qd4+ Kh7
46. Qxa7 Qf4+ 47. Kg1 Qg3+ 48. Kf1 Qxh3+ 49. Ke1 Qh1+ 50. Kd2 Qg2+ 51. Kc1 Qf1+
52. Kc2 h4 53. Qe7 h3 54. Qh4+ Kg7 55. Qd4+ f6 56. Qd7+ Kh6 57. a4 Qg2+ 58. Kb3
h2 59. Qd8 h1=Q 60. Qxf6 Qd5+ 61. Kb4 Qhe4+ 62. Ka3 Qc5+ 63. b4 Qcd5 64. Qh8+
Kg5 65. a5 Qec4 66. Kb2 Qb3+ 67. Kc1 Qdd1# 0-1

[Event "Titled Tue 20th May Early"]
[Site "chess.com INT"]
[Date "2025.05.20"]
[Round "3"]
[White "Xue, Haowen"]
[Black "Reshetnikov, Alexey"]
[Result "1-0"]
[WhiteTitle "GM"]
[BlackTitle "IM"]
[WhiteElo "2518"]
[BlackElo "2492"]
[WhiteFideId "8625492"]
[BlackFideId "4162080"]
[EventDate "2025.05.20"]

1. d4 d5 2. Nf3 e6 3. c4 Nf6 4. g3 Bb4+ 5. Bd2 Be7 6. Qc2 c6 7. Bg2 O-O 8. O-O
b6 9. Bf4 Ba6 10. cxd5 cxd5 11. Ne5 Qc8 12. Rc1 Qxc2 13. Rxc2 Nfd7 14. e4 Nxe5
15. Bxe5 Nd7 16. exd5 Nxe5 17. dxe5 exd5 18. Nc3 Rac8 19. Rac1 Bd3 20. Rd2 Be4
21. Bxe4 dxe4 22. Rd7 Bb4 23. Rxa7 Rfe8 24. Rd1 Bxc3 25. bxc3 Rxe5 26. Rdd7 Rf5
27. Rac7 Ra8 28. Ra7 Rc8 29. Rdc7 Re8 30. Re7 Kf8 31. Reb7 h5 32. Rxb6 g6 33.
Kg2 e3 34. fxe3 Rxe3 35. Rb8+ Kg7 36. Rb2 Rxc3 37. Re2 Rc4 38. h3 h4 39. g4 Rff4
40. Ra3 g5 41. Rae3 Kg6 42. a3 Ra4 43. Rb2 Rac4 44. Rd2 Ra4 45. Rd6+ f6 46. Rdd3
Rad4 47. Rxd4 Rxd4 48. Kf3 Rd2 49. Ke4 Ra2 50. Kd5 Rg2 51. a4 Rg3 52. Kd4 Rg1
53. Ra3 Rd1+ 54. Kc5 f5 55. Kb4 Rb1+ 56. Kc4 Rc1+ 57. Kd5 fxg4 58. hxg4 Rd1+ 59.
Ke4 Re1+ 60. Kf3 Re6 61. a5 Ra6 62. Ke4 Kf6 63. Kd5 Ke7 64. Kc5 Kd7 65. Kb5 Rh6
66. a6 Rh8 67. a7 Ra8 68. Kb6 Kc8 69. Rc3+ Kd7 70. Kb7 Rxa7+ 71. Kxa7 1-0

[Event "Titled Tue 20th May Early"]
[Site "chess.com INT"]
[Date "2025.05.20"]
[Round "3"]
[White "Filindash, Nikita"]
[Black "Kaminska, Zuzanna"]
[Result "1-0"]
[WhiteTitle "CM"]
[BlackTitle "WCM"]
[WhiteElo "2198"]
[BlackElo "1900"]
[WhiteFideId "34159983"]
[BlackFideId "21067210"]
[EventDate "2025.05.20"]

1. d4 e6 2. c4 d5 3. Nc3 Nf6 4. cxd5 Nxd5 5. e4 Nxc3 6. bxc3 c5 7. Nf3 cxd4 8.
cxd4 Nc6 9. Be2 Bb4+ 10. Bd2 Qa5 11. Rb1 Bxd2+ 12. Qxd2 Qxd2+ 13. Kxd2 O-O 14.
Rhc1 Rd8 15. Ke3 Ne7 16. Rc7 Nc6 17. Bb5 Rd7 18. Rxd7 Bxd7 19. d5 exd5 20. exd5
Re8+ 21. Kf4 Nb8 22. Bxd7 Nxd7 23. Rxb7 Nf6 24. Ng5 Nxd5+ 25. Kf3 f6 26. Ne4 a5
27. Rb5 Rxe4 28. Rb8+ Kf7 29. Kxe4 Nc3+ 30. Kd3 Nxa2 31. Ra8 Nc1+ 32. Kc2 Ne2
33. Rxa5 Nf4 34. g3 Nh3 35. Rf5 g6 36. Rf3 Ng1 37. Re3 Nh3 38. Re2 Ng1 39. Rd2
Nf3 40. Rd7+ Kg8 41. h4 Ne5 42. Rd8+ Kg7 43. Rd2 Nf3 44. Rd7+ Kh6 45. Kd1 Ne5
46. Rd4 Nf3 47. Rf4 Ne5 48. Ke2 Kg7 49. Ra4 Nc6 50. Rc4 Ne5 51. Rc7+ Kg8 52. f4
Nf7 53. Kf3 Nd6 54. Rd7 Nf5 55. Kg4 Ne3+ 56. Kf3 Nf5 57. h5 gxh5 58. Ra7 h4 59.
g4 Nd4+ 60. Kg2 Ne6 61. Ra4 Kg7 62. Kh3 f5 63. gxf5 Nc5 64. Ra7+ Kh6 65. Kxh4
Ne4 66. Ra6+ Kg7 67. Kg4 Nf6+ 68. Kf3 Nd5 69. Ke4 Nf6+ 70. Ke5 Ng4+ 71. Ke6 Ne3
72. Ra7+ Kh6 73. f6 Ng4 74. f7 Ne3 75. f8=Q+ Kh5 76. Rxh7+ Kg4 77. Qg7+ Kf3 78.
Rh3+ Ke2 79. Rxe3+ Kxe3 80. f5 Kd3 81. f6 Kc3 82. f7+ Kc2 83. f8=Q Kd2 84. Qf2+
Kd3 85. Qgd4# 1-0

[Event "Titled Tue 20th May Early"]
[Site "chess.com INT"]
[Date "2025.05.20"]
[Round "3"]
[White "Rao, Anjaneya Sripathy"]
[Black "Punin, Andrii"]
[Result "0-1"]
[WhiteTitle "CM"]
[BlackTitle "FM"]
[WhiteElo "2173"]
[BlackElo "2289"]
[WhiteFideId "30954770"]
[BlackFideId "14112639"]
[EventDate "2025.05.20"]

1. e4 d5 2. exd5 Qxd5 3. Nc3 Qa5 4. Nf3 Nf6 5. d4 c6 6. Be2 Bf5 7. O-O e6 8. Bf4
Be7 9. Ne5 Nbd7 10. Nc4 Qd8 11. Nd6+ Bxd6 12. Bxd6 Nb6 13. Bc5 Qc7 14. a4 a5 15.
Qd2 Nbd5 16. Nxd5 Nxd5 17. Qg5 f6 18. Qh5+ g6 19. Qf3 h5 20. Bd3 O-O-O 21. Bc4
Nf4 22. Qb3 Be4 23. f3 Bd5 24. Bb6 Bxc4 25. Bxc7 Bxb3 26. Bxd8 Rxd8 27. cxb3
Rxd4 28. g3 Nd5 29. Rfd1 Rb4 30. Rd3 Kd7 31. Rc1 b5 32. axb5 cxb5 33. Rc2 h4 34.
f4 hxg3 35. hxg3 a4 36. bxa4 bxa4 37. Rd1 Rb3 38. Kf2 a3 39. bxa3 Rxa3 40. Rb1
g5 41. Rb7+ Kd6 42. fxg5 fxg5 43. Rg7 Ne3 44. Rd2+ Kc6 45. Rxg5 Nf5 46. g4 Nd6
47. Rg6 Ne4+ 48. Ke2 Nxd2 49. Kxd2 Kd5 50. Rf6 e5 51. g5 Rg3 52. g6 Kd4 53. Ra6
Rg2+ 54. Ke1 Ke3 55. Ra3+ Kf4 56. Ra4+ e4 57. Ra8 Rxg6 58. Ke2 Rg2+ 59. Ke1 Rb2
60. Ra3 Rc2 61. Kd1 Rf2 62. Ke1 Rf3 63. Ra4 Rh3 64. Rb4 Rh1+ 65. Kf2 Rh2+ 66.
Kg1 Rc2 67. Rb3 e3 68. Kf1 Kf3 69. Kg1 Rc1+ 70. Kh2 Kf2 71. Rb8 e2 72. Rf8+ Ke3
73. Re8+ Kf3 74. Rf8+ Kg4 75. Rg8+ Kh5 0-1

[Event "Titled Tue 20th May Early"]
[Site "chess.com INT"]
[Date "2025.05.20"]
[Round "3"]
[White "Harsha, Bharathakoti"]
[Black "Waldhausen Gordon, Frederick"]
[Result "1-0"]
[WhiteTitle "GM"]
[BlackTitle "FM"]
[WhiteElo "2532"]
[BlackElo "2397"]
[WhiteFideId "5078776"]
[BlackFideId "2409143"]
[EventDate "2025.05.20"]

1. c4 e6 2. Nf3 d5 3. g3 Nf6 4. Bg2 dxc4 5. Qa4+ Nbd7 6. Qxc4 a6 7. Qc2 c5 8.
O-O Be7 9. a4 O-O 10. a5 Ra7 11. Nc3 b5 12. axb6 Nxb6 13. Rd1 Bb7 14. d4 cxd4
15. Rxd4 Nbd7 16. Bf4 Bc5 17. Rd2 Qe7 18. Rad1 h6 19. Qa4 Nb6 20. Qb3 Nbd5 21.
Be5 Nxc3 22. Bxc3 Bd5 23. Bxf6 Qxf6 24. Qa4 Rb8 25. Nd4 Bxg2 26. Kxg2 e5 27. Nf3
Rab7 28. Rc2 Ba7 29. Rc6 Qf5 30. g4 Qh7 31. Rxa6 Bb6 32. Nxe5 h5 33. h3 hxg4 34.
Qxg4 Qc2 35. Rd3 Qxb2 36. Nc4 Qf6 37. Rxb6 Rxb6 38. Rf3 Qe6 39. Nxb6 Qxg4+ 40.
hxg4 Rxb6 41. Rd3 g5 42. Rd5 f6 43. Rd7 Rb4 44. Kf3 Rf4+ 45. Kg3 Rb4 46. e3 Kf8
47. Rc7 Ra4 48. Kf3 Rb4 49. Rd7 Ra4 50. Kg3 Rb4 51. Rd4 Rb5 52. Kf3 Kf7 53. Ke4
Re5+ 54. Kd3 Kg6 55. f3 Ra5 56. Rc4 Rd5+ 57. Ke4 Re5+ 58. Kd4 Re7 59. Rc6 Re5
60. Rd6 Re7 61. e4 Re8 62. Kd5 Rc8 63. Rc6 Rd8+ 64. Ke6 Rd3 65. e5 Rxf3 66. Ke7
Re3 67. Rxf6+ Kg7 68. Rf5 Kg6 69. Rf6+ Kg7 70. Rf5 Kg6 71. e6 Re4 72. Kd6 Rxg4
73. Re5 Rd4+ 74. Kc6 Rd8 75. e7 Ra8 76. e8=Q+ Rxe8 77. Rxe8 Kf5 78. Kd5 Kf4 79.
Rf8+ Ke3 80. Rg8 Kf4 81. Kd4 g4 82. Rf8+ Kg3 83. Ke3 Kg2 84. Rg8 1-0

[Event "Titled Tue 20th May Early"]
[Site "chess.com INT"]
[Date "2025.05.20"]
[Round "3"]
[White "Demchenko, Anton"]
[Black "Amangeldy, Ernur"]
[Result "1-0"]
[WhiteTitle "GM"]
[BlackTitle "FM"]
[WhiteElo "2619"]
[BlackElo "2231"]
[WhiteFideId "4160258"]
[BlackFideId "13720244"]
[EventDate "2025.05.20"]

1. e4 Nf6 2. e5 Nd5 3. d4 d6 4. Nf3 dxe5 5. Nxe5 c6 6. Bd3 Nd7 7. Nf3 N7f6 8. h3
Nb4 9. Bc4 Bf5 10. Bb3 e6 11. a3 Na6 12. Nh4 Bg6 13. O-O Bd6 14. Re1 O-O 15. Nd2
Nb8 16. Nc4 Bc7 17. Nxg6 hxg6 18. c3 Nbd7 19. Qe2 Qe7 20. Bg5 Rfe8 21. Rad1 Qf8
22. Qf3 a5 23. h4 Nh7 24. Bc1 Nhf6 25. g3 Rad8 26. Kg2 a4 27. Bc2 b5 28. Qxc6
Bxg3 29. fxg3 bxc4 30. Qxc4 Ra8 31. Bg5 Qd6 32. Bf4 Qb6 33. Rb1 Nd5 34. Bd2 N7f6
35. Bxa4 Qb7 36. Bc6 Qb6 37. Bxa8 Rxa8 38. Qe2 Qb3 39. Bg5 Nh7 40. Qf2 Rc8 41.
Re2 Ra8 42. Rf1 Qb7 43. Kg1 Rc8 44. Qf3 Qd7 45. Ref2 f6 46. Bc1 f5 47. Re2 Nhf6
48. Bg5 Ne4 49. Rxe4 fxe4 50. Qxe4 Qe8 51. Kh2 Rb8 52. Rf2 Nb6 53. Re2 Kf7 54.
Bf4 Rc8 55. Be5 Nd5 56. Qg4 Kg8 57. h5 Qe7 58. hxg6 Qe8 59. Qh5 Kf8 60. Qg5 Kg8
61. Rf2 Ne7 62. Bxg7 Nxg6 63. Be5 Rc7 64. Rf6 Rh7+ 65. Kg1 Rg7 66. Rf3 Rh7 67.
Qg4 Rh6 68. Rf6 Kh7 69. Qe4 Qg8 70. Qf3 Ne7 71. Rf7+ Kg6 72. Rxe7 Rh5 73. Rd7
Kg5 74. Qf4+ Kg6 75. Re7 Rxe5 76. dxe5 Qa8 77. Qf6+ Kh5 78. Rh7+ Kg4 79. Rh4+
Kxg3 80. Qf4# 1-0

[Event "Titled Tue 20th May Early"]
[Site "chess.com INT"]
[Date "2025.05.20"]
[Round "3"]
[White "Novosel, Lovro"]
[Black "Andriienko, Artom"]
[Result "0-1"]
[WhiteTitle "FM"]
[WhiteElo "2346"]
[BlackElo "2153"]
[WhiteFideId "14547120"]
[BlackFideId "34129510"]
[EventDate "2025.05.20"]

1. Nf3 Nf6 2. g3 g6 3. Bg2 Bg7 4. O-O O-O 5. d3 d6 6. e4 c5 7. Nbd2 Nc6 8. Re1
e5 9. h3 h6 10. a4 Rb8 11. Nc4 Ne8 12. c3 Nc7 13. Nfd2 b6 14. Nf1 Be6 15. Nfe3
d5 16. exd5 Nxd5 17. Qf3 Nxe3 18. Bxe3 Qxd3 19. Nd2 Rbc8 20. Rad1 Qd7 21. Ne4
Qe7 22. Nd6 Rc7 23. Nb5 Rcc8 24. Bc1 Bb3 25. Rd6 Bxa4 26. Rxc6 Bxb5 27. Rxc8
Rxc8 28. b3 Bc6 29. Qg4 Bd7 30. Qc4 Be6 31. Qa6 Rd8 32. c4 f5 33. Bb2 e4 34.
Bxg7 Qxg7 35. Ra1 Rd7 36. h4 h5 37. Bf1 Rd2 38. Qxa7 Qd4 39. Qb8+ Kh7 40. Ra7+
Bd7 41. Qf4 e3 42. fxe3 Qxf4 43. gxf4 Kg8 44. Bg2 Kf8 45. Bd5 Ke7 46. Kf1 Rb2
47. Bc6 Rd2 48. Ke1 Rd6 49. Bd5 Kd8 50. Ra8+ Kc7 51. Rg8 Be6 52. Rg7+ Rd7 53.
Rxg6 Bxd5 54. cxd5 Rxd5 55. Rg5 Rd3 56. Ke2 Rxb3 57. Rxf5 c4 58. Rf7+ Kc6 59. f5
Rb2+ 60. Kd1 c3 61. e4 Rf2 62. e5 b5 63. e6 b4 64. e7 Kd7 65. f6 b3 66. Rf8 c2+
67. Kc1 Rf1+ 68. Kb2 c1=Q+ 69. Kxb3 Re1 70. Rd8+ Kc7 71. Rd3 Qc6 72. Rc3 Qxc3+
73. Kxc3 Kd7 74. Kd2 Rf1 75. Ke2 Rxf6 76. e8=Q+ Kxe8 77. Ke3 Kf7 78. Ke4 Kg6 79.
Ke5 Rf5+ 80. Ke4 Kf6 81. Ke3 Ke5 82. Ke2 Rf4 83. Ke3 Rxh4 0-1

[Event "Titled Tue 20th May Early"]
[Site "chess.com INT"]
[Date "2025.05.20"]
[Round "3"]
[White "Karimova, Guldona"]
[Black "Mansurova, Mumtozbegim"]
[Result "1/2-1/2"]
[WhiteTitle "WIM"]
[BlackTitle "WCM"]
[WhiteElo "2265"]
[BlackElo "1768"]
[WhiteFideId "14210410"]
[BlackFideId "14215780"]
[EventDate "2025.05.20"]

1. e4 c5 2. Nf3 e6 3. d4 cxd4 4. Nxd4 a6 5. Bd3 Bc5 6. Nb3 Be7 7. Qg4 Bf6 8. O-O
Nc6 9. Nc3 Ne5 10. Qe2 d6 11. f4 Nxd3 12. cxd3 Qc7 13. Be3 Bxc3 14. Rac1 Ne7 15.
Rxc3 Qd8 16. d4 Bd7 17. Qf2 O-O 18. Nd2 d5 19. e5 Rc8 20. Rfc1 Rxc3 21. Rxc3 Qa5
22. a3 Rc8 23. Nb3 Qd8 24. Nc5 Bc6 25. Qc2 a5 26. b4 b6 27. Nd3 axb4 28. Nxb4
Bb5 29. Bf2 Rxc3 30. Qxc3 Qc8 31. Qxc8+ Nxc8 32. f5 Ne7 33. fxe6 fxe6 34. g4 Nc6
35. Nc2 Na5 36. Kg2 Nc4 37. Kg3 Ba4 38. Nb4 Nxa3 39. Be1 Nc2 40. Nxc2 Bxc2 41.
Bb4 Kf7 42. h4 Ke8 43. Kf4 Kd7 44. Ke3 Kc6 45. Kd2 Be4 46. Kc3 Kb5 47. g5 Ka4
48. Bf8 g6 49. Be7 Bf5 50. Bd6 Kb5 51. Be7 Ka4 52. Bd8 b5 53. Be7 Be4 54. Bc5
Bf5 55. Bb4 Be4 56. Bf8 Bf5 57. Bc5 Be4 58. Bd6 Bf5 59. Be7 Be4 60. Bc5 Bf5 61.
Kb2 b4 62. Bd6 Be4 63. Be7 Bf3 64. Bf8 Bd1 65. Be7 b3 66. Kc3 Bc2 67. Bc5 Be4
68. Bd6 Bf5 69. Be7 Be4 70. Bf8 Bf5 71. Be7 Bc2 72. Bd6 Kb5 73. Bc5 Ka4 74. Bd6
Bf5 75. Be7 1/2-1/2

[Event "Titled Tue 20th May Early"]
[Site "chess.com INT"]
[Date "2025.05.20"]
[Round "3"]
[White "Antoniou, Rafail"]
[Black "Wijerathna, Vinuka Dihain"]
[Result "0-1"]
[WhiteTitle "CM"]
[BlackTitle "CM"]
[WhiteElo "2134"]
[BlackElo "2063"]
[WhiteFideId "5904390"]
[BlackFideId "29981905"]
[EventDate "2025.05.20"]

1. d4 Nf6 2. Nf3 d5 3. c4 e6 4. cxd5 exd5 5. Nc3 h6 6. h3 c6 7. Bf4 Bf5 8. g4
Bh7 9. Bg2 Qb6 10. O-O Qxb2 11. Rc1 Nbd7 12. Ne5 Bb4 13. Nd3 Qa3 14. Nxb4 Qxb4
15. Bf3 O-O 16. Qd2 Qe7 17. Kg2 Ne4 18. Bxe4 Bxe4+ 19. f3 Bh7 20. Rfe1 f5 21. g5
hxg5 22. Bxg5 Qe6 23. e3 Rae8 24. Ne2 Nb6 25. Nf4 Qd7 26. Qf2 Nc4 27. Re2 Nd6
28. Rce1 Nf7 29. h4 g6 30. Qg3 Kg7 31. Nh5+ gxh5 32. Be7+ Kh6 33. Bxf8+ Rxf8 34.
Kf2 Rg8 35. Qf4+ Kg6 36. Rg1+ Kf6 37. Ree1 Qe8 38. Rxg8 Qxg8 39. Rg1 Qf8 40. Qc7
Qd6 41. Qxb7 Qh2+ 42. Kf1 Qh3+ 43. Kf2 Qh2+ 44. Rg2 Qxh4+ 45. Ke2 Qh3 46. Qxc6+
Ke7 47. Qc7+ Kf8 48. Rg3 Qh2+ 49. Kd1 Qh1+ 50. Kd2 Qa1 51. Qb8+ Ke7 52. Qb4+ Kf6
53. Qb3 Qf1 54. Qa3 Qf2+ 55. Kd3 Qxg3 56. Qa6+ Kg7 57. Qxa7 Qxf3 58. Qc7 Qe4+
59. Kd2 f4 60. exf4 h4 61. f5 Qxd4+ 62. Ke1 Qe4+ 63. Kf1 Qxf5+ 64. Kg1 Qg4+ 65.
Kf1 Qf3+ 66. Ke1 Qe3+ 67. Kd1 h3 68. a4 Qd3+ 69. Ke1 Qb1+ 70. Ke2 Qc2+ 71. Qxc2
Bxc2 72. Kf3 Bxa4 73. Kg3 Kf6 74. Kxh3 Ke5 75. Kg3 Ke4 76. Kf2 Kd3 0-1

[Event "Titled Tue 20th May Early"]
[Site "chess.com INT"]
[Date "2025.05.20"]
[Round "3"]
[White "Tulendinov, Dinmukhammed"]
[Black "Munoz, Francisco Javier"]
[Result "1/2-1/2"]
[WhiteTitle "FM"]
[BlackTitle "FM"]
[WhiteElo "2124"]
[BlackElo "2389"]
[WhiteFideId "13730860"]
[BlackFideId "128368"]
[EventDate "2025.05.20"]

1. e4 e5 2. Nf3 Nc6 3. Bb5 a6 4. Ba4 Nge7 5. O-O g6 6. c3 Bg7 7. d4 exd4 8. cxd4
O-O 9. Nc3 d5 10. e5 Bg4 11. Be3 Nf5 12. Bxc6 bxc6 13. h3 Nxe3 14. fxe3 Bf5 15.
Na4 f6 16. Nc5 fxe5 17. Nxe5 Qe8 18. Rc1 Bxe5 19. dxe5 Qxe5 20. Qd4 Rfe8 21. Rc3
a5 22. Qxe5 Rxe5 23. g4 Bc8 24. Rf6 h5 25. Rxg6+ Kh7 26. Rxc6 hxg4 27. Rxc7+ Kg6
28. Nd3 Re8 29. Nf4+ Kg5 30. hxg4 Bxg4 31. Rg7+ Kf5 32. Nxd5 Bf3 33. Nf4 Rac8
34. Kf2 Bh1 35. Ra7 Rcd8 36. Rxa5+ Kg4 37. Rd3 Rb8 38. Rd2 Rh8 39. Ra4 Rh2+ 40.
Ke1 Rxd2 41. Kxd2 Rxb2+ 42. Kc3 Rh2 43. Ra5 Kf3 44. Nd5 Ke2 45. a4 Rh4 46. Rb5
Rxa4 47. Nf4+ Kxe3 48. Nd5+ Ke2 49. Nb4 Ra3+ 50. Kc4 Bf3 51. Re5+ Kf2 52. Re7
Be2+ 53. Kc5 Bf3 54. Kd4 Ra4 55. Kc3 Ra3+ 56. Kb2 Ra8 57. Nd3+ Kg3 58. Rg7+ Kh3
59. Nf4+ Kh4 60. Kc3 Rd8 61. Ng6+ Kh5 62. Nf4+ Kh6 63. Rg3 Be4 64. Re3 Bf5 65.
Re5 Rc8+ 66. Kd4 Kg5 67. Ne6+ Kf6 68. Nc5 Rd8+ 69. Rd5 Rb8 70. Rd6+ Kg5 71. Rd5
Rb4+ 72. Ke5 Bg6 73. Ne6+ Kh6 74. Kf6 Rb1 75. Rd4 Rf1+ 76. Nf4 Bb1 77. Rb4 Kh7
78. Rb7+ Kg8 79. Rb4 Kh7 80. Rb7+ Kg8 81. Kg5 Rg1+ 82. Kf6 Rf1 1/2-1/2

[Event "Titled Tue 20th May Early"]
[Site "chess.com INT"]
[Date "2025.05.20"]
[Round "3"]
[White "Le, Tuan Minh"]
[Black "Shuvalova, Polina"]
[Result "1-0"]
[WhiteTitle "GM"]
[BlackTitle "IM"]
[WhiteElo "2598"]
[BlackElo "2494"]
[WhiteFideId "12401153"]
[BlackFideId "24171760"]
[EventDate "2025.05.20"]

1. d4 Nf6 2. Nf3 d5 3. Bf4 e6 4. e3 Bd6 5. Nbd2 O-O 6. c3 b6 7. Bd3 Ba6 8. Bxa6
Nxa6 9. Bg5 c5 10. Qe2 Nc7 11. e4 dxe4 12. Nxe4 Be7 13. Bxf6 Bxf6 14. dxc5 bxc5
15. Nxc5 Nd5 16. O-O Rb8 17. Rfd1 Qc8 18. Ne4 Qb7 19. Rd2 Be7 20. Rad1 h6 21. c4
Nf4 22. Qe3 Ng6 23. b3 Qa6 24. Nc5 Bxc5 25. Qxc5 Rfe8 26. h4 Rbc8 27. Qe3 e5 28.
Qe4 Qf6 29. g3 Re6 30. Rd7 a6 31. h5 Nf8 32. R7d5 Rce8 33. Kg2 Nh7 34. Nh4 Ng5
35. Qf5 Qe7 36. Rd7 Qf8 37. Qg4 Rf6 38. Nf5 Qa3 39. Rd8 Rxd8 40. Rxd8+ Kh7 41.
Rd2 Qc1 42. Re2 e4 43. Ne3 Qb1 44. Rc2 Rf3 45. Rd2 Rf6 46. Qd1 Qxd1 47. Rxd1 Nf3
48. Rd5 Ne1+ 49. Kf1 Nd3 50. f4 Nb4 51. Rd2 g6 52. hxg6+ fxg6 53. Ng4 Re6 54.
Rd7+ Kh8 55. Nxh6 e3 56. Nf7+ Kg8 57. Ne5 g5 58. Ke2 gxf4 59. gxf4 Nxa2 60. Kxe3
Nb4 61. Rb7 Nc6 62. Ke4 Na5 63. Rb8+ Kg7 64. c5 Kf6 65. b4 Nc6 66. Rf8+ Ke7 67.
Rf7+ Ke8 68. Rc7 Nxb4 69. f5 Rh6 70. Ng6 Rh1 71. f6 Re1+ 72. Kf5 Rf1+ 73. Kg5
Rxf6 74. Re7+ Kd8 75. Kxf6 Nd5+ 76. Ke6 Nxe7 77. Nxe7 Kc7 78. Kd5 Kd7 79. Nc6
Kc7 80. Na5 Kd7 81. c6+ Kc7 82. Kc5 Kc8 83. Kb6 Kb8 84. Kxa6 Kc7 85. Kb5 Kc8 86.
Kb6 Kb8 87. Nb3 Kc8 88. c7 Kd7 89. Kb7 1-0

[Event "Titled Tue 20th May Early"]
[Site "chess.com INT"]
[Date "2025.05.20"]
[Round "3"]
[White "Plat, Vojtech"]
[Black "Pavlov, Nikolay"]
[Result "1/2-1/2"]
[WhiteTitle "GM"]
[BlackTitle "FM"]
[WhiteElo "2482"]
[BlackElo "2316"]
[WhiteFideId "325740"]
[BlackFideId "24141470"]
[EventDate "2025.05.20"]

1. e4 c6 2. Nf3 d5 3. d3 dxe4 4. dxe4 Qxd1+ 5. Kxd1 Nf6 6. Nbd2 g6 7. Ne5 Bh6 8.
f3 Nbd7 9. Nd3 b6 10. a4 a5 11. Nc4 Ba6 12. Bxh6 Bxc4 13. b3 Ba6 14. Kc1 e5 15.
Bg7 Rg8 16. Bxf6 Bxd3 17. Bh4 Bxf1 18. Rxf1 f6 19. Kb2 Ke7 20. Rad1 Rgd8 21. Bf2
c5 22. h4 h5 23. g4 Nf8 24. gxh5 gxh5 25. Be3 Ne6 26. Rd5 Rxd5 27. exd5 Nd4 28.
f4 Nf5 29. Bd2 e4 30. Re1 Nd6 31. Rg1 Kf7 32. Kc3 Nf5 33. Bc1 Rd8 34. Kc4 Nd6+
35. Kc3 Nf5 36. Kc4 Re8 37. Kb5 e3 38. Kxb6 e2 39. Bd2 Nxh4 40. Rh1 Nf3 41. Bxa5
h4 42. d6 Ke6 43. Kc7 Rg8 44. Kc6 Rc8+ 45. Bc7 h3 46. d7 Nd4+ 47. Kb7 Kxd7 48.
Ba5 Nxc2 49. Rxh3 Re8 50. Rd3+ Ke6 51. Bc3 Kf5 52. a5 e1=Q 53. Bxe1 Rxe1 54. a6
Re7+ 55. Kb8 Nb4 56. Rd6 Nxa6+ 57. Rxa6 Re3 58. Rb6 Rc3 59. Kc7 c4 60. bxc4
Rxc4+ 61. Kd6 Rxf4 62. Kd5 Rf1 63. Kd4 Rd1+ 64. Ke3 Kg5 65. Ke2 Rd5 66. Kf3 f5
67. Rb3 Re5 68. Ra3 Rb5 69. Rc3 Rb8 70. Ra3 Rb7 71. Kg3 Rh7 72. Ra5 Kg6 73. Ra6+
Kg5 74. Ra5 Re7 75. Ra3 Rd7 76. Rb3 Rd1 77. Ra3 Rg1+ 78. Kf2 Rg4 79. Ra5 Kf4 80.
Ra4+ Kg5 81. Ra5 Re4 82. Kf3 Re7 83. Ra3 Rd7 84. Kg3 Rd5 85. Rb3 Rc5 86. Ra3 Rc1
87. Ra5 Rg1+ 88. Kf2 Rg4 89. Kf3 Rf4+ 90. Kg3 Rg4+ 91. Kf3 Rh4 92. Kg3 Rh6 93.
Rb5 Re6 94. Rb3 f4+ 95. Kf3 Re3+ 96. Rxe3 fxe3 97. Kxe3 1/2-1/2

[Event "Titled Tue 20th May Early"]
[Site "chess.com INT"]
[Date "2025.05.20"]
[Round "3"]
[White "Soham, Kamotra"]
[Black "Popov, Konstantin"]
[Result "1/2-1/2"]
[WhiteTitle "IM"]
[BlackTitle "FM"]
[WhiteElo "2407"]
[BlackElo "2378"]
[WhiteFideId "46647490"]
[BlackFideId "34137910"]
[EventDate "2025.05.20"]

1. Nf3 Nf6 2. b3 g6 3. Bb2 Bg7 4. g3 b6 5. Bg2 Bb7 6. O-O O-O 7. c4 d6 8. Nc3
Nbd7 9. Qc2 e5 10. d4 exd4 11. Nxd4 Bxg2 12. Kxg2 Re8 13. Rad1 Qc8 14. Nd5 Qb7
15. Nf3 a5 16. Bxf6 Nxf6 17. Nxf6+ Bxf6 18. a4 Re6 19. e3 Rae8 20. Rd5 Kg7 21.
h4 h5 22. Rfd1 Re4 23. Qe2 Qc8 24. Nd2 R4e5 25. Qf3 Rxd5 26. cxd5 Qd7 27. Rc1
Re7 28. Rc4 Be5 29. Rc6 f5 30. Nc4 Bf6 31. Na3 Re5 32. Nb5 Bd8 33. Nd4 Kf7 34.
Ne6 Rxe6 35. dxe6+ Qxe6 36. Rc3 Qe4 37. Qxe4 fxe4 38. f3 exf3+ 39. Kxf3 Ke6 40.
e4 Kd7 41. Rc2 Bf6 42. g4 Bxh4 43. gxh5 gxh5 44. Rh2 Bf6 45. Rxh5 Kc6 46. Rd5
Be5 47. Ke2 Kd7 48. Rd1 Kc6 49. Rc1+ Kb7 50. Kd3 Bf6 51. Kc4 Kc6 52. Rf1 Be5 53.
Rf7 Bb2 54. Rh7 Be5 55. Rh1 Bf4 56. Rf1 Be5 57. Rf2 Bg3 58. Rc2 Be5 59. Kd3+ Kb7
60. Kc4 Kc6 61. b4 axb4 62. Kxb4+ Kb7 63. Kb5 Bf6 64. Rc4 Be5 65. Rc2 Bd4 66. a5
bxa5 67. Kxa5 Bc5 68. Kb5 c6+ 69. Kc4 Kc7 70. Rg2 Be3 71. Rg7+ Kd8 72. Rh7 Bf4
73. Kb4 Bd2+ 74. Kc4 Bf4 75. Kd3 Be5 76. Ke3 Ke8 77. Kf3 c5 78. Ke3 c4 79. Kd2
c3+ 80. Kd3 Kd8 81. Ra7 Kc8 82. Rf7 Kd8 83. Kc2 Ke8 84. Rh7 Kd8 85. Rb7 Kc8 86.
Rh7 Kd8 87. Kb3 Kc8 88. Kc2 Kd8 1/2-1/2

[Event "Titled Tue 20th May Early"]
[Site "chess.com INT"]
[Date "2025.05.20"]
[Round "3"]
[White "Yildiz, Serdar Murat"]
[Black "Lagarde, Maxime"]
[Result "1-0"]
[WhiteTitle "CM"]
[BlackTitle "GM"]
[WhiteElo "2208"]
[BlackElo "2622"]
[WhiteFideId "44536780"]
[BlackFideId "662399"]
[EventDate "2025.05.20"]

1. e4 e5 2. Nf3 Nc6 3. Nc3 Nf6 4. h3 Bb4 5. Bd3 d6 6. a3 Bc5 7. b4 Bb6 8. Na4
O-O 9. O-O d5 10. Nxb6 axb6 11. exd5 Qxd5 12. Be2 Nxb4 13. Bb2 Nc6 14. d4 exd4
15. Nxd4 Nxd4 16. Bxd4 Qd6 17. Bf3 Ra4 18. c3 b5 19. Re1 c6 20. Qc2 Qf4 21. Bc5
Bf5 22. Qe2 Rfa8 23. Bd4 Be6 24. Be5 Qc4 25. Qd2 Ne8 26. Rad1 h6 27. Re4 Qb3 28.
Rxa4 Qxa4 29. Re1 Qxa3 30. Qf4 Qe7 31. Bd4 Qg5 32. Qh2 Rd8 33. h4 Qd2 34. Qe5 b4
35. Rd1 Qc2 36. cxb4 Nf6 37. Re1 Qf5 38. Qxf5 Bxf5 39. Bxf6 gxf6 40. Re7 Rd7 41.
Re8+ Kg7 42. Rb8 Be6 43. h5 Bd5 44. Bg4 Re7 45. Bc8 Re8 46. Ra8 b6 47. Bb7 Rxa8
48. Bxa8 f5 49. b5 Kf6 50. bxc6 Be6 51. c7 Bc8 52. Bd5 Ke5 53. Bxf7 Kd6 54. f3
b5 55. Kf2 Kxc7 56. Ke3 Kd6 57. Kf4 Be6 58. Be8 b4 59. Ba4 Bd7 60. Bc2 Be6 61.
g4 fxg4 62. fxg4 Kc5 63. g5 hxg5+ 64. Kxg5 Kd4 65. h6 Bg8 66. Kg6 b3 67. Bb1 Bc4
68. h7 Bd3+ 69. Bxd3 Kxd3 70. h8=Q Kc2 71. Qh2+ Kb1 72. Qg1+ Ka2 73. Qa7+ Kb1
74. Qb6 b2 75. Qg1+ Ka2 76. Qa7+ Kb3 77. Qb6+ Kc2 78. Qc5+ Kb3 79. Qb5+ Kc3 80.
Qa5+ Kc2 81. Qa4+ Kc1 82. Qc4+ Kd2 83. Qb3 Kc1 84. Qc3+ Kb1 85. Kf5 Ka2 86. Qa5+
Kb3 87. Qb5+ Kc3 88. Ke4 Kc2 89. Qa4+ Kd2 90. Qb4+ Kc2 91. Qc4+ Kd2 92. Qb3 Kc1
93. Qc3+ Kb1 94. Kd3 Ka2 95. Qa5+ Kb3 96. Qb5+ Ka3 97. Kc2 b1=Q+ 98. Qxb1 1-0